000 00482nam a22001697a 4500
005 20260509152805.0
008 260509b |||||||| |||| 00| 0 eng d
020 _a9781405132817
_qpbk
041 _aeng
082 _a418 DOU
245 _aThe Handbook of Second Language Acquisition
260 _aUnited States of America
_bBlackwell Publishing
_c2003
300 _a888p. :
_c25cm
504 _aBib and Ref
650 _aStandard usage & applied linguistics
942 _cENGLISH
999 _c622983
_d622983